000 00588nam a2200181Ia 4500
003 IN-BaIIA
008 211028s9999 xx s 000 0 eng d
020 _a9781510619777 (Print)
020 _a9781510619784 (Online)
040 _cIIA Library
100 _aZhuang, Songlin, ed.
_948774
245 0 _aYoung Scientists Forum 2017
_h[eBook]
260 _aWashington, USA
_bSPIE
_c2018
300 _aOnline resource
490 _aProceedings of SPIE; V. 10710
856 _uhttps://www.spiedigitallibrary.org/conference-proceedings-of-spie/10710
_yClick Here to Access eBook
942 _cEB
999 _c33906
_d33906